000 00697nam a2200241Ia 4500
005 20230622131322.0
008 131103s9999 xx 000 0 und d
020 _cRs.100
040 _aLoreto College
041 _aEnglish
082 _a301
_bSHA
245 _aModern India
_b shifting perspectives
_cedited by R.C.Sharma ... [et.al.]
260 _aNew Delhi
_bS.Chand and company Ltd.
_c1982
300 _axi,387 p.
_b plates,ill.,fig.,tables
504 _aIncludes bibliographical references, foot notes
630 _aSocial Change
630 _aSocial Process
650 _aSocial Science
651 _aSocial Science
700 _aRam,Tulsi,ed.
850 _aLCLIB
942 _cBK
999 _c3261
_d53740